000 00924nam a2200313 i 4500
001 47686
003 ES-MaACL
005 20240131063028.0
007 t|
008 030519s2002 sp f |||| | spa d
020 _a84-01-34167-1
080 _a821.134.2-992"19"
080 _a913(63)(0:82)
080 _a913(624)(0:82)
080 _a913(620)(0:82)
100 1 _aReverte, Javier,
_d1944-2020
_978353
245 1 4 _aLos caminos perdidos de África /
_cJavier Reverte.
250 _a1ª ed.
260 _aBarcelona :
_bRandon House Mondadori,
_c2002.
300 _a430 p., [16] p. de lám. col. y n. ;
_c26 cm.
490 1 _aAreté
504 _aBibliografía: p. 419-[420]
651 4 _aEtiopía-
_xDescripción.
_98581
651 4 _aSudán-
_xDescripción.
_99414
651 4 _aEgipto-
_xDescripción.
_98141
830 0 _aAreté
_9179755
852 _aES-MaACL
_jL-26335
999 _c47686
_d47686